000 00505nam a2200181Ia 4500
005 20250923150242.0
008 008 250917s9999 xx 000 0 eng d
037 _aTextual
040 _aDSWL
_beng
_cDSWL
041 _aeng
_2eng
084 _aX:77, P5
_qDSWL
100 _aSengupta, A
_9843908
245 0 _aReflections on the right to development
_cby A Sengupta
260 _aNew Delhi
_b Sage
_c2005
300 _a366 p.
942 _cTEXL
_hX:77, P5
999 _c1461295
_d1461295